000 00436nam a2200181Ia 4500
001 9612
005 20260306161731.0
008 260306t2014||||xx |||||||||||||| ||spa||
041 _aESP
082 _a382.7
_bC13
100 _aCabello Pérez, Miguel
_eAUT
245 0 _aLas aduanas y el comercio internacional
260 _c2014
300 _a255 páginas :
_c24 cm.
650 _aGEN
654 _aCAN
942 _cLIB
_dJUS
_fJUS
_2ddc
_n
999 _c9612
_d9612